000 00742nam a2200205 i 4500
001 36286
003 ES-MaACL
005 20251114151455.0
007 t|
008 030217s1932 sp ||||1| spa d
100 1 _aBrinkmann, Roland.
_931761
245 1 4 _aLas montañas-islas fósiles, especialmente en España /
_cpor R. Brinkmann ; traducción de José Gavira.
260 _aMadrid :
_bSociedad Geográfica Nacional,
_c1932 (
_fImp. de Intervención e Intendencia Militar)
300 _a24 p. :
_bil. ;
_c24 cm.
650 4 _aGeología-
_zEspaña.
_9138819
700 1 _aGavira Martín, José,
_d1903-1951
_956090
710 2 _aSociedad Geográfica Nacional (España)
_96777
852 _aES-MaACL
_j1759-F-16
999 _c36286
_d36286